[Event "Porto San Giorgio op 8th"]
[Site "Porto San Giorgio"]
[Date "1996.??.??"]
[Round "?"]
[White "Scavo, Fernando"]
[Black "Passoni, Carlo"]
[Result "0-1"]
[WhiteElo "2150"]
[BlackElo "2230"]
[PlyCount "82"]
[EventDate "1996.08.??"]
[EventType "swiss"]
[EventRounds "9"]
[EventCountry "ITA"]
[SourceTitle "EXT 2000"]
[Source "ChessBase"]
[SourceDate "1999.11.16"]
[SourceVersion "1"]
[SourceVersionDate "1999.11.16"]
[SourceQuality "1"]

1. d4 Nf6 2. c4 g6 3. Nc3 Bg7 4. e4 d6 5. Be2 0-0 6. Nf3 e5 7. 0-0 exd4 8. Nxd4 Re8 9. f3 Nc6 10. Be3 Nh5 11. f4 Nf6 12. Bf3 Ng4 13. Bxg4 Bxg4 14. Nxc6 Qd7 15. Qd2 Qxc6 16. Bd4 Bxd4+ 17. Qxd4 Be6 18. f5 Bxc4 19. Rf2 Qc5 20. Qd2 d5 21. exd5 Re5 22. Kh1 Rae8 23. h3 Bxd5 24. b4 Qd6 25. Nb5 Bxg2+ 26. Rxg2 Qxd2 27. Rxd2 Rxb5 28. fxg6 hxg6 29. Rd7 c6 30. Rf1 Rf8 31. a3 a5 32. bxa5 Rxa5 33. Rf3 Rb5 34. Re3 b6 35. Kg2 c5 36. Rc7 Rd8 37. Ree7 Rd2+ 38. Kf3 Rb3+ 39. Kg4 Rd4+ 40. Kg5 Rg3+ 41. Kf6 Rf3+ 0-1